000
00303nam a2200133Ia 4500
005
20260328104306.0
008
260328s9999||||xx |||||||||||||| ||und||
100
_a
Akşit, İlhan
245
0
_a
Hagia Sophia /
_c
İlhan Akşit
260
_b
aksit
300
_a
117 p.
650
_a
HISTORIA
942
_c
BK
999
_c
10757
_d
10757